=LDR 00000nam 2200000 4500 =001 INLIS000000000052993 =005 20180321090347 =035 ##$$a 0010-0318000220 =007 ta =008 180321###########################0###### =020 ##$$a 979-736-749-5 =082 ##$$a 643.3 =084 ##$$a 643.3 SRI k =100 #$$a Sri Kartini =245 1#$$a Kegiatan Di Dapur Yang Manyenangkan /$c Sri Kartini =260 ##$$a Jakarta :$b Sinar Cemerlang Abadi,$c 2010 =300 ##$$a 89 hlm : $b ilus ; $c 20 cm =650 ##$$a Perlengkapan Dapur =504 ##$$a Bibliografi : hlm 90 =990 ##$$a 62676267 =990 ##$$a 62676267 =990 ##$$a 62676267 =990 ##$$a 62676267 =990 ##$$a 62676267 =990 ##$$a 21710516 =990 ##$$a 01201806267 =990 ##$$a 01201806268 =990 ##$$a 01201806269 =990 ##$$a 01201806270 =990 ##$$a 21710517 =990 ##$$a 01201806267 =990 ##$$a 01201806268 =990 ##$$a 01201806269 =990 ##$$a 21710516 =990 ##$$a 21710518 =990 ##$$a 01201806267 =990 ##$$a 01201806268 =990 ##$$a 21710517 =990 ##$$a 21710516 =990 ##$$a 21710519 =990 ##$$a 01201806267 =990 ##$$a 21710518 =990 ##$$a 21710517 =990 ##$$a 21710516 =990 ##$$a 21710520 =990 ##$$a 21710519 =990 ##$$a 21710518 =990 ##$$a 21710517 =990 ##$$a 21710516